000 00549nam a2200181 4500
001 139340
003 ES-MaACL
005 20230906195755.0
007 t|
008 070214s1927 xxu r ||||1| eng d
100 1 _aSarton, George.
_9103883
245 1 0 _aIntroduction to the history of science /
_cGeorge Sarton.
260 _aBaltimore (USA) :
_bThe Williams & Wilkins Company,
_c1927.
300 _a1 vol. ;
_c29 cm.
505 8 _aContiene: From Homer to Omar Khajjam
740 0 _aFrom Homer to Omar Khajjam.
852 _aES-MaACL
_jB-13534
999 _c139340
_d139340